[Event "Dortmund Sparkassen op-B"]
[Site "Dortmund"]
[Date "2008.07.03"]
[Round "6"]
[White "Ropers, Klaus"]
[Black "Kasraei, Amir Reza"]
[Result "1-0"]
[WhiteElo "1756"]
[BlackElo "1610"]
[PlyCount "39"]
[EventDate "2008.06.30"]
[EventType "swiss"]
[EventRounds "9"]
[EventCountry "GER"]
[SourceTitle "EXT 2022"]
[Source "ChessBase"]
[SourceDate "2021.10.06"]
[SourceVersion "1"]
[SourceVersionDate "2021.10.06"]
[SourceQuality "1"]

1. d4 d5 2. Nf3 Nf6 3. c4 e6 4. g3 dxc4 5. Bg2 Be7 6. 0-0 0-0 7. Qc2 c5 8. Rd1 Qb6 9. Na3 Na6 10. Nxc4 Nb4 11. Qb3 Qa6 12. a3 b5 13. dxc5 Bxc5 14. Nce5 Nbd5 15. Qc2 Bxf2+ 16. Kxf2 Bb7 17. Kg1 Rac8 18. Qd3 Rfd8 19. Bg5 Qb6+ 20. Qd4 1-0

[Event "Recklinghausen op 16th"]
[Site "Recklinghausen"]
[Date "2006.10.13"]
[Round "6"]
[White "Kasraei, Amir Reza"]
[Black "Hagermann, Hermann"]
[Result "0-1"]
[WhiteElo "1454"]
[BlackElo "2084"]
[PlyCount "42"]
[EventDate "2006.10.07"]
[EventType "swiss"]
[EventRounds "7"]
[EventCountry "GER"]
[SourceTitle "CBM 114 Extra"]
[Source "ChessBase"]
[SourceDate "2006.11.03"]
[SourceVersion "1"]
[SourceVersionDate "2006.11.03"]
[SourceQuality "1"]

1. d4 Nf6 2. c4 e6 3. Nc3 c5 4. Nf3 d5 5. cxd5 Nxd5 6. dxc5 Bxc5 7. Nxd5 exd5 8. e3 0-0 9. b3 Nc6 10. Bb2 Bb4+ 11. Nd2 Re8 12. Bd3 d4 13. e4 Qg5 14. Qc2 Bg4 15. a3 Ba5 16. h3 Qh6 17. Rf1 Rac8 18. f4 Qh4+ 19. Rf2 Ne5 20. Bc4 d3 21. Qc1 Bb6 0-1

[Event "Recklinghausen op 16th"]
[Site "Recklinghausen"]
[Date "2006.10.09"]
[Round "1"]
[White "Kasraei, Amir Reza"]
[Black "Schreiner, Paulo"]
[Result "0-1"]
[WhiteElo "1454"]
[BlackElo "1745"]
[PlyCount "78"]
[EventDate "2006.10.07"]
[EventType "swiss"]
[EventRounds "7"]
[EventCountry "GER"]
[SourceTitle "CBM 114 Extra"]
[Source "ChessBase"]
[SourceDate "2006.11.03"]
[SourceVersion "1"]
[SourceVersionDate "2006.11.03"]
[SourceQuality "1"]

1. d4 d5 2. c4 dxc4 3. e4 e5 4. Nf3 exd4 5. Qxd4 Be6 6. Qxd8+ Kxd8 7. Bf4 Bc5 8. Nc3 c6 9. Ng5 b5 10. Nxe6+ fxe6 11. Rd1+ Nd7 12. Bd6 Kc8 13. a4 a6 14. b4 cxb3 15. g3 b4 16. Nb1 Ngf6 17. f3 Re8 18. Bc4 b2 19. Ke2 Bxd6 20. Rxd6 Kc7 21. Rhd1 Nb6 22. Bxe6 Nfd5 23. e5 Nc3+ 24. Kd2 Rxe6 25. Nxc3 Nc4+ 26. Kc2 Nxd6 27. exd6+ Rxd6 28. Rxd6 bxc3 29. Rd1 Rd8 30. Rb1 Rd2+ 31. Kxc3 Rxh2 32. Kd4 Kb6 33. Kc3 Ka5 34. Kb3 c5 35. Rd1 c4+ 36. Ka3 Rc2 37. Rd5+ Kb6 38. Ka2 c3 39. Kb1 Rc1+ 0-1

[Event "Dortmund Sparkassen op-B"]
[Site "Dortmund"]
[Date "2006.08.03"]
[Round "6"]
[White "Mersch, Dirk"]
[Black "Kasraei, Amir Reza"]
[Result "1-0"]
[WhiteElo "1634"]
[BlackElo "1505"]
[PlyCount "84"]
[EventDate "2006.07.28"]
[EventType "swiss"]
[EventRounds "9"]
[EventCountry "GER"]
[SourceTitle "CBM 113 Extra"]
[Source "ChessBase"]
[SourceDate "2006.09.14"]
[SourceVersion "1"]
[SourceVersionDate "2006.09.14"]
[SourceQuality "1"]

1. e4 c5 2. d4 cxd4 3. c3 d6 4. Nf3 Nc6 5. Bc4 Ne5 6. Nxe5 dxe5 7. Qh5 e6 8. Qxe5 Nf6 9. 0-0 dxc3 10. Nxc3 a6 11. Rd1 Bd7 12. Nd5 Rc8 13. Nxf6+ Qxf6 14. Qxf6 gxf6 15. Bb3 Bc5 16. g3 Bc6 17. Re1 Bb4 18. Re3 e5 19. Rf3 Ke7 20. Re3 Rhd8 21. Re2 Bb5 22. Rc2 Bc5 23. Bd5 b6 24. Kg2 Bc6 25. Bxc6 Rxc6 26. Be3 Rdc8 27. Rac1 Kd6 28. Kf3 a5 29. Bxc5+ Rxc5 30. Rxc5 Rxc5 31. Rxc5 Kxc5 32. Ke3 Kc4 33. Kd2 h5 34. h4 Kd4 35. f3 f5 36. exf5 e4 37. g4 Ke5 38. Ke3 exf3 39. Kxf3 hxg4+ 40. Kxg4 Kf6 41. a4 Kg7 42. Kf4 f6 1-0

[Event "Dortmund Sparkassen op-B"]
[Site "Dortmund"]
[Date "2006.07.28"]
[Round "2"]
[White "Kasraei, Amir Reza"]
[Black "Yu, Roland"]
[Result "1-0"]
[WhiteElo "1505"]
[BlackElo "1230"]
[PlyCount "147"]
[EventDate "2006.07.28"]
[EventType "swiss"]
[EventRounds "9"]
[EventCountry "GER"]
[SourceTitle "CBM 113 Extra"]
[Source "ChessBase"]
[SourceDate "2006.09.14"]
[SourceVersion "1"]
[SourceVersionDate "2006.09.14"]
[SourceQuality "1"]

1. d4 d5 2. c4 e6 3. Nf3 c5 4. e3 Nc6 5. Nc3 Nf6 6. cxd5 exd5 7. dxc5 Bxc5 8. Be2 0-0 9. 0-0 Re8 10. a3 Bg4 11. b4 Bb6 12. Re1 Ne7 13. Nd4 Bxe2 14. Rxe2 Bxd4 15. Qxd4 Nc6 16. Qh4 Ne4 17. Qxd8 Raxd8 18. Nxe4 dxe4 19. Bb2 Ne5 20. Bxe5 Rxe5 21. g3 g6 22. Rc2 Red5 23. Rac1 Rd1+ 24. Rxd1 Rxd1+ 25. Kg2 Ra1 26. Rc7 Rxa3 27. Rxb7 Ra4 28. b5 Ra5 29. g4 h5 30. g5 Kf8 31. h4 Ke8 32. Kg3 Kf8 33. Kf4 Ra4 34. Ke5 Ke8 35. Kf6 Ra5 36. Rb8+ Kd7 37. Kxf7 Kc7 38. Re8 Rxb5 39. Rxe4 Rb6 40. Re7+ Kb8 41. f4 a5 42. Re4 Rb4 43. Re8+ Kb7 44. Kxg6 a4 45. Re5 Kb6 46. Rd5 a3 47. Rd3 a2 48. Ra3 Rb2 49. Rxa2 Rxa2 50. f5 Ra7 51. f6 Kc5 52. f7 Ra5 53. Kg7 Ra7 54. Kg8 Ra8+ 55. f8Q+ Rxf8+ 56. Kxf8 Kd6 57. Kg7 Ke7 58. Kg6 Kf8 59. Kh7 Kf7 60. g6+ Kf8 61. g7+ Ke7 62. g8R Ke6 63. Rg5 Kf6 64. Kh6 Ke6 65. Kxh5 Kf6 66. Kh6 Kf7 67. h5 Kf6 68. Rg6+ Kf7 69. Kh7 Kf8 70. Rg7 Ke8 71. Kg6 Kf8 72. h6 Ke8 73. h7 Kf8 74. h8R# 1-0

[Event "Duisburg Grossenbaum op"]
[Site "Duisburg"]
[Date "2005.05.16"]
[Round "6"]
[White "Kasraei, Amir Reza"]
[Black "Pittag, Andreas"]
[Result "0-1"]
[WhiteElo "1518"]
[BlackElo "1707"]
[PlyCount "52"]
[EventDate "2005.05.13"]
[EventType "swiss"]
[EventRounds "7"]
[EventCountry "GER"]
[SourceTitle "EXT 2006"]
[Source "ChessBase"]
[SourceDate "2005.11.24"]
[SourceVersion "1"]
[SourceVersionDate "2005.11.24"]
[SourceQuality "1"]

1. c4 Nf6 2. g3 g6 3. Bg2 Bg7 4. Nf3 0-0 5. 0-0 e6 6. Nc3 d5 7. cxd5 exd5 8. d4 Ne4 9. Qc2 Re8 10. Re1 Nc6 11. e3 Nxc3 12. Qxc3 Ne7 13. b3 Nf5 14. Bb2 Qd6 15. Rac1 c6 16. Qc5 Qf6 17. Ne5 Bf8 18. Qc3 a5 19. a3 Nd6 20. Qc2 Nb5 21. Ra1 Nd6 22. Nf3 Bf5 23. Qc1 Be4 24. Ne5 Bxg2 25. Kxg2 Qe6 26. Nd3 Qe4+ 0-1

[Event "Duisburg Grossenbaum op"]
[Site "Duisburg"]
[Date "2005.05.14"]
[Round "3"]
[White "Potempa, Dieter Heinz"]
[Black "Kasraei, Amir Reza"]
[Result "1-0"]
[WhiteElo "2031"]
[BlackElo "1518"]
[PlyCount "95"]
[EventDate "2005.05.13"]
[EventType "swiss"]
[EventRounds "7"]
[EventCountry "GER"]
[SourceTitle "EXT 2006"]
[Source "ChessBase"]
[SourceDate "2005.11.24"]
[SourceVersion "1"]
[SourceVersionDate "2005.11.24"]
[SourceQuality "1"]

1. e4 c5 2. c3 Nf6 3. e5 Nd5 4. d4 cxd4 5. Nf3 e6 6. Bc4 Nb6 7. Bb3 Nc6 8. 0-0 Qc7 9. cxd4 d6 10. exd6 Bxd6 11. Nc3 0-0 12. Re1 Bd7 13. Re4 a6 14. Rh4 Ne7 15. Bc2 f5 16. Qe2 Ned5 17. Bd2 Nc4 18. Ng5 Nf6 19. Nxe6 Bxe6 20. Qxe6+ Qf7 21. Qxf7+ Rxf7 22. Bf4 Bxf4 23. Rxf4 g6 24. Bb3 Rc7 25. Re1 Kg7 26. Bxc4 Rxc4 27. Re7+ Kf8 28. Rxb7 Re8 29. g3 Kg8 30. d5 Rxf4 31. gxf4 Nh5 32. Rb4 Nf6 33. Kg2 Rd8 34. Rb6 Nxd5 35. Nxd5 Rxd5 36. Rxa6 Rd2 37. b3 Kf8 38. Ra7 Ke8 39. Kg3 Kd8 40. b4 Kc8 41. a4 Rd4 42. b5 Kb8 43. b6 h6 44. a5 g5 45. fxg5 hxg5 46. Rf7 Rd3+ 47. Kg2 Rd5 48. a6 1-0

[Event "Ruhrhalbinsel op 19th"]
[Site "Essen"]
[Date "2004.05.22"]
[Round "6"]
[White "Kasraei, Amir Reza"]
[Black "Heinrich, Reinhard"]
[Result "0-1"]
[WhiteElo "1382"]
[BlackElo "1613"]
[PlyCount "38"]
[EventDate "2004.05.??"]
[EventType "swiss"]
[EventRounds "7"]
[EventCountry "GER"]
[SourceTitle "CBM 100 Extra"]
[Source "ChessBase"]
[SourceDate "2004.07.06"]
[SourceVersion "2"]
[SourceVersionDate "2004.07.06"]
[SourceQuality "1"]

1. e4 c5 2. Nf3 d6 3. d4 cxd4 4. Nxd4 Nf6 5. Nc3 e6 6. Be2 a6 7. Be3 b5 8. a3 Bb7 9. f3 Nbd7 10. Qd2 Be7 11. 0-0 0-0 12. Rac1 Rc8 13. Na2 d5 14. exd5 Nxd5 15. Bf2 Bg5 16. f4 Bxf4 17. Qd3 Bxc1 18. Rxc1 Qg5 19. b3 Nf4 0-1

[Event "Gelsenkirchen-ch U16"]
[Site "Gelsenkirchen"]
[Date "2003.06.05"]
[Round "6"]
[White "Aulich, Marcell"]
[Black "Kasraei, Amir Reza"]
[Result "1-0"]
[WhiteElo "1500"]
[BlackElo "1119"]
[PlyCount "29"]
[EventDate "2003.05.??"]
[EventType "swiss"]
[EventRounds "9"]
[EventCountry "GER"]
[SourceTitle "EXT 2005"]
[Source "ChessBase"]
[SourceDate "2004.11.15"]
[SourceVersion "1"]
[SourceVersionDate "2004.11.15"]
[SourceQuality "1"]

1. e4 c5 2. Nf3 Nc6 3. d4 d6 4. Bb5 a6 5. Bxc6+ bxc6 6. Be3 f6 7. Nc3 Bg4 8. h3 Bh5 9. Qd2 e5 10. dxe5 dxe5 11. 0-0-0 Be7 12. g4 Bf7 13. Nh4 f5 14. Nxf5 Nf6 15. Nxg7+ 1-0

[Event "Gelsenkirchen-ch U16"]
[Site "Gelsenkirchen"]
[Date "2003.05.22"]
[Round "3"]
[White "Kasraei, Amir Reza"]
[Black "Butschek, Marc"]
[Result "0-1"]
[WhiteElo "1119"]
[BlackElo "1152"]
[PlyCount "94"]
[EventDate "2003.05.??"]
[EventType "swiss"]
[EventRounds "9"]
[EventCountry "GER"]
[SourceTitle "EXT 2005"]
[Source "ChessBase"]
[SourceDate "2004.11.15"]
[SourceVersion "1"]
[SourceVersionDate "2004.11.15"]
[SourceQuality "1"]

1. e4 e5 2. Nf3 Nc6 3. Bc4 Bc5 4. d3 h6 5. Be3 Bxe3 6. fxe3 Nf6 7. Nc3 d6 8. d4 exd4 9. exd4 Bg4 10. d5 Ne5 11. Qe2 Nxc4 12. Qxc4 Qd7 13. 0-0-0 0-0 14. Qb5 Qxb5 15. Nxb5 Nxe4 16. Rhe1 c6 17. Rxe4 Bxf3 18. gxf3 cxb5 19. Re7 b6 20. Rde1 a5 21. Rd7 Rad8 22. Rb7 Rb8 23. Rc7 b4 24. b3 b5 25. Kb2 a4 26. Re4 a3+ 27. Kc1 Rfe8 28. Rxb4 Re2 29. Rf4 Rxh2 30. Rfxf7 Rg2 31. Rfd7 Rg6 32. Ra7 b4 33. Kd2 Rg2+ 34. Kd3 Rc8 35. Rac7 Rxc7 36. Rxc7 Rf2 37. Kc4 Rxc2+ 38. Kxb4 Rxc7 39. Kxa3 Kf8 40. Kb4 Ke8 41. Ka5 Kd8 42. a4 Rc3 43. b4 Kc7 44. Kb5 Kb7 45. a5 Ra3 46. f4 h5 47. Kc4 h4 0-1